| 000 | 00689nam a22002057a 4500 | ||
|---|---|---|---|
| 005 | 20170713114743.0 | ||
| 010 | _aENG-119167 | ||
| 020 |
_a9788175417922 _c750.00 |
||
| 035 | _aEN-102699 | ||
| 037 | _bDBAD/PUB | ||
| 082 | _a327.54059 | ||
| 245 |
_aIndia and South East Asia: _cedited by Arpita Basu Roy [and] Subhadeep Bhattacharya _bState,Borders and culture / |
||
| 260 |
_aDelhi _bShipra Publications _c2014 |
||
| 270 |
_aLG-18-19,Pankaj Central Market,I.P.Ext. Patparganj _bDelhi _e110092 |
||
| 300 |
_axx,180p. _c23cm(Hb) |
||
| 500 | _aIncludes index | ||
| 700 | _a Basu Roy,Arpita | ||
| 700 | _a Bhattacharya, Subhadeep | ||
| 942 |
_2ddc _cEN _h327.54059 _mIND |
||
| 999 |
_c142515 _d142515 |
||